Statistics for Places Johnny Cash has been.

Click here to take the quiz!

General Stats

  • This quiz has been taken 7 times
  • The average score is 19 of 91

Answer Stats

Answer% Correct
Chicago
86%
Tulsa
86%
Boston
71%
Buffalo
71%
Oklahoma
71%
Reno
71%
Toronto
71%
Alaska
57%
Argentina
57%
Baltimore
57%
Fargo
57%
Washington
57%
Dayton
43%
Houston
43%
Jacksonville
43%
Little Rock
43%
Minnesota
43%
Nashville
43%
Nebraska
43%
Ottawa
43%
Santa Fe
43%
Sioux City
43%
Wichita
43%
Bakersfield
29%
Bangor
29%
Charleston
29%
Costa Rica
29%
Grand Lake
29%
Idaho
29%
Kansas CIty
29%
Knoxville
29%
Louisiana
29%
Panama
29%
Sarasota
29%
Shreveport
29%
Springfield
29%
Tampa
29%
Winslow
29%
Amarillo
14%
Barranquilla
14%
Black Rock
14%
Catalina
14%
Cedar CIty
14%
Colorado
14%
Devil's Lake
14%
Diamantina
14%
La Paloma
14%
Louisville
14%
Opelika
14%
Pittsburgh
14%
Spirit Lake
14%
Vicksburg
14%
Waterloo
14%
Winnamucca
14%
Atmore
0%
Baraboo
0%
Cadilac
0%
Chaska
0%
Chatanika
0%
Chicopee
0%
Crater Lake
0%
Davenport
0%
Eldorado
0%
Ellensburg
0%
Ferriday
0%
Fond du Lac
0%
Glen Rock
0%
Gravelbourg
0%
Hackensack
0%
Haverstraw
0%
Hennessey
0%
Jellico
0%
Kalamazoo
0%
Kingston
0%
Larimore
0%
Mattawa
0%
Monterrey
0%
Ombabika
0%
Oskaloosa
0%
Padilla
0%
Parkersburg
0%
Pasadena
0%
Pittsfield
0%
Rexburg
0%
Salvador
0%
Schefferville
0%
Tallapoosa
0%
Tennessee
0%
Texarkana
0%
Tocapilla
0%
Waterville
0%

Score Distribution

Percentile by Number Answered

Percent of People with Each Score

Your Score History

You have not taken this quiz